| 000 | 00987nam a2200253Ia 4500 | ||
|---|---|---|---|
| 003 | OSt | ||
| 005 | 20221005113311.0 | ||
| 006 | a|||||r|||| 00| 0 | ||
| 007 | ta | ||
| 008 | 221004b |||||||| |||| 00| 0 pan d | ||
| 020 |
_a8130201259 _c150 |
||
| 024 | _a116332 | ||
| 037 |
_b623, 07/03/2012, H.K. Prakashan _cTextual |
||
| 040 |
_aCRL _cCRL _bpan |
||
| 041 |
_2pan _apan |
||
| 082 | _aO111,2J64,KR, 153Q0 | ||
| 100 |
_aੈਕਸਪੀਅਰ, ਵਿਲੀਅਮl ਯੂਰੇ, ਪੀਟਰ, ਥਦ। _9624500 |
||
| 245 | 0 | _aਬਾਦਾਹ ਰਿਚ ਡ ਦੂਜਾ 1595 | |
| 260 |
_aਪਟਿਆਲਾ _bਪੰਜਾਬੀ ਯੂਨੀਵਰਸਿਟੀ ਭਾਰਤ _c2010 |
||
| 300 |
_a91ਪੰ _ccm. |
||
| 650 | _aਅੰਗ੍ਰੇਜੀ ਸਾਹਿਤ | ||
| 942 |
_hO111,2J64,KR, 153Q0 _cTEXL _2cc |
||
| 999 |
_c1027718 _d1027718 |
||